<?xml version="1.0" encoding="UTF-8"?>
<record
    xmlns:xsi="http://www.w3.org/2001/XMLSchema-instance"
    xsi:schemaLocation="http://www.loc.gov/MARC21/slim http://www.loc.gov/standards/marcxml/schema/MARC21slim.xsd"
    xmlns="http://www.loc.gov/MARC21/slim">

  <leader>01002naa a22002297i 4500</leader>
  <controlfield tag="001">232281</controlfield>
  <controlfield tag="003">ES-MaBCM</controlfield>
  <controlfield tag="005">20260216130625.0</controlfield>
  <controlfield tag="008">260216s2025    sp ||||| |||| 00| 0 spa d</controlfield>
  <datafield tag="040" ind1=" " ind2=" ">
    <subfield code="c">ES-MaBCM</subfield>
  </datafield>
  <datafield tag="100" ind1="1" ind2=" ">
    <subfield code="a">L&#xF3;pez Doblas, Juan</subfield>
    <subfield code="9">69357</subfield>
  </datafield>
  <datafield tag="245" ind1="1" ind2="4">
    <subfield code="a">&#xAB;La pandemia nos ha pasado factura&#xBB; :</subfield>
    <subfield code="b">la salud mental de las personas mayores viviendo solas en tiempos de la COVID-19 = &#xAB;The pandemic has taken its toll on us&#xBB; : the mental health of older people living alone in times of COVID-19</subfield>
    <subfield code="c">Juan L&#xF3;pez Doblas, Mar&#xED;a del Pilar D&#xED;az Conde</subfield>
  </datafield>
  <datafield tag="500" ind1=" " ind2=" ">
    <subfield code="a">Contiene tablas</subfield>
  </datafield>
  <datafield tag="504" ind1=" " ind2=" ">
    <subfield code="a">Bibliograf&#xED;a: p. 163-166</subfield>
  </datafield>
  <datafield tag="650" ind1=" " ind2="7">
    <subfield code="a">Epidemia</subfield>
    <subfield code="9">58578</subfield>
  </datafield>
  <datafield tag="650" ind1=" " ind2="0">
    <subfield code="a">Enfermedad por coronavirus</subfield>
    <subfield code="9">129538</subfield>
  </datafield>
  <datafield tag="650" ind1=" " ind2="7">
    <subfield code="a">Enfermedad mental</subfield>
    <subfield code="9">58553</subfield>
  </datafield>
  <datafield tag="650" ind1=" " ind2="7">
    <subfield code="a">Tercera edad</subfield>
    <subfield code="9">60601</subfield>
  </datafield>
  <datafield tag="700" ind1=" " ind2=" ">
    <subfield code="a">D&#xED;az Conde, Mar&#xED;a del Pilar</subfield>
    <subfield code="9">117208</subfield>
  </datafield>
  <datafield tag="773" ind1="0" ind2=" ">
    <subfield code="d">Madrid</subfield>
    <subfield code="g">N. 192 (oct.-dic. 2025), p. 149-166 - Loc. S.031</subfield>
    <subfield code="t">REIS revista espa&#xF1;ola de investigaciones sociol&#xF3;gicas</subfield>
    <subfield code="w">104569 </subfield>
  </datafield>
  <datafield tag="942" ind1=" " ind2=" ">
    <subfield code="2">udc</subfield>
    <subfield code="c">AREV</subfield>
  </datafield>
  <datafield tag="999" ind1=" " ind2=" ">
    <subfield code="c">232281</subfield>
    <subfield code="d">232281</subfield>
  </datafield>
  <datafield tag="952" ind1=" " ind2=" ">
    <subfield code="0">0</subfield>
    <subfield code="1">0</subfield>
    <subfield code="2">udc</subfield>
    <subfield code="4">0</subfield>
    <subfield code="7">0</subfield>
    <subfield code="a">BC</subfield>
    <subfield code="b">BC</subfield>
    <subfield code="c">SALA</subfield>
    <subfield code="d">2026-02-16</subfield>
    <subfield code="l">0</subfield>
    <subfield code="r">2026-02-16 13:06:32</subfield>
    <subfield code="w">2026-02-16</subfield>
    <subfield code="y">AREV</subfield>
  </datafield>
</record>
